| 000 | 00000nam##2200000za#4500 |
| 001 | 9.698160 |
| 003 | CaOODSP |
| 005 | 20210624235814 |
| 007 | cr ||||||||||| |
| 008 | 150407|1998||||xxc|||||o f|0| 0 eng|d |
| 040 | |aCaOODSP|beng |
| 043 | |an-cn--- |
| 086 | 1 |aRH64-94/1998E-PDF |
| 110 | 1 |aCanada. |bHuman Resources Development Canada. |
| 245 | 10|aPre-separation job durations and unemployment insurance eligibility : |h[electronic resource]|bfinal report / |cprepared by Peter J. Kuhn and Arthur Sweetman. |
| 260 | |aOttawa - Ontario : |bHuman Resources Development Canada |cMay 1998. |
| 300 | |a90p.|bfigs., references, tables |
| 590 | |a13-16-Supp|b2013-07-12 |
| 690 | 07|aEmployment insurance|2gcpds |
| 775 | 08|tLa durée de l'emploi avant sa cessation et l'admissibilité à l'assurance-chômage : |w(CaOODSP)9.642153 |
| 856 | 40|ahttp://publications.gc.ca|qPDF|s204 KB|uhttps://publications.gc.ca/collections/collection_2013/rhdcc-hrsdc/RH64-94-1998-eng.pdf |
| 986 | |aSP-AH047E-05-98 |